000 00869nam a2200205Ii 4500
003 JO-AjNU
008 230605s9999||||xx |||||||||||||| ||und||
040 _aJO-AjNU
_bara
_erda
_cJO-AjNU
041 _aara
050 1 4 _aKMM379.5.J67.1997
100 3 _aاعداد المكتب الفني بادارة ابراهيم ابو رحمة ,
_eauthor
_946650
245 0 0 _aالمبادئ القانونية لمحكمة التمييز في القضايا الجزائية المنشورة في مجلة نقابة المحامين منذ بداية سنة 1993 حتى نهاية سنة 1997
250 _a(د،ط)
264 3 1 _aعمان : نقابة المحامين ، 1997
300 _a911ص
336 _atext
_btxt
_2rdacontent
337 _aunmediated
_bn
_2rdamedia
338 _avolume
_bnc
_2rdacarrier
650 4 _aقانون جزائي -- الأردن
_946651
999 _aA20311
_c23879
_d23879